Analysis and design of integrated circuit--antenna modules /

Bibliographic Details
Other Authors: Gupta, K. C. (Kuldip C.), Hall, Peter S.
Format: eBook
Language:English
Published: New York : Wiley, ©2000.
Series:Wiley series in microwave and optical engineering.
Subjects:
Online Access:Connect to the full text of this electronic book

MARC

Tag First Indicator Second Indicator Subfields
LEADER 00000nam a22000003a 4500
001 in00004678708
006 m |o d |
007 cr |n|||||||||
008 230502s2000 nyua ob 001 0 eng d
005 20260214200807.9
020 |a 9780471216674 (electronic bk.) 
020 |a 0471216674 (electronic bk.) 
020 |z 0471190446 
020 |z 9780471190448 
035 |a wil6007436 
035 |a (NhCcYBP)wil6007436 
040 |a NhCcYBP  |b eng  |c NhCcYBP 
050 4 |a TK7871.67.M53  |b A53 2000 
082 0 4 |a 621.381/3  |2 21 
084 |a RU 23  |2 blsrissc 
245 0 0 |a Analysis and design of integrated circuit--antenna modules /  |c edited by K.C. Gupta and Peter S. Hall. 
260 |a New York :  |b Wiley,  |c ©2000. 
300 |a 1 online resource (xiv, 424 pages : :  |b illustrations.) 
336 |a text  |b txt  |2 rdacontent 
337 |a computer  |b c  |2 rdamedia 
338 |a online resource  |b cr  |2 rdacarrier 
490 1 |a Wiley series in microwave and optical engineering 
504 |a Includes bibliographical references and index. 
505 0 0 |t Introduction /  |r Peter S. Hall, K.C. Gupta --  |t Review of the CAD process /  |r K.C. Gupta, Peter S. Hall --  |t Circuit simulator based methods /  |r Peter S. Hall, Vincent F. Fusco, Martin J. Cryan --  |t Multiport network method /  |r K.C. Gupta, Rajan P. Parrihan --  |t Full wave analysis in the frequency domain /  |r Raphael Gillard, Mihamed Drissi, Jacques Citerne --  |t Full wave electromagnetic analysis in the time domain /  |r Yongxi Qian, Tatsuo Itoh --  |t Phase-locking dynamics in integrated antenna arrays /  |r Robert A. York --  |t Analysis and design of oscillator grids and arrays /  |r Wayne A. Shiroma, Eric E. Bryerton, Zoya Papović --  |t Analysis and design considerations for monolithic microwave circuit transmit-receive (T-R) modules /  |r Lawrence R. Whicker --  |t Integrated transmit-receive circuit-antenna modules for radio on fiber systems /  |r Hooshang Ghafouri-Shiraz --  |t Conclusions /  |r Peter S. Hall, K.C. Gupta. 
588 |a Description based on print version record. 
650 0 |a Microwave antennas  |x Computer-aided design. 
650 0 |a Microwave integrated circuits  |x Computer-aided design. 
700 1 |a Gupta, K. C.  |q (Kuldip C.) 
700 1 |a Hall, Peter S. 
776 0 8 |c Original  |z 0471190446  |z 9780471190448  |w (DLC) 99028973  
830 0 |a Wiley series in microwave and optical engineering. 
856 4 0 |u http://proxy.library.tamu.edu/login?url=https://onlinelibrary.wiley.com/book/10.1002/0471216674  |z Connect to the full text of this electronic book  |t 0 
955 |a Wiley EBA record 
975 |p Wiley UBCM Full Collection 2026 
999 f f |s 0b374637-df22-458c-8cd5-3a82e67e422b  |i 18ce6f21-6e68-4401-b29e-7b7b0d8197b5  |t 0 
952 f f |a Texas A&M University  |b College Station  |c Electronic Resources  |s evans_pda  |d Available Online  |t 0  |e TK7871.67.M53 A53 2000  |h Library of Congress classification 
998 f f |a TK7871.67.M53 A53 2000  |t 0  |l Available Online